| 000 | 00992nas a2200337 4500 | ||
|---|---|---|---|
| 001 | BR0807093 | ||
| 003 | BR-BrBNA | ||
| 005 | 20231205112211.0 | ||
| 007 | ta | ||
| 008 | 230509b bl.|||p| |||| 00| 00por d | ||
| 040 |
_aBR-BrBNA _bpor _cBiblioteca Nacional de Agricultura |
||
| 072 | _aL51; Q52 | ||
| 100 | 1 | _aNascimento, W.G. do | |
| 100 | 1 | _aPrado, I.N. do | |
| 100 | 1 | _aJobim, C.C. | |
| 100 | 1 | _aEmile, J.C. | |
| 100 | 1 | _aSuraut, F. | |
| 100 | 1 | _aHuyghe, C. | |
| 245 | 1 | _aValor alimentício das silagens de milho e de sorgo e sua influência no desempenho de vacas leiteiras | |
| 650 | _aVACA LEITEIRA | ||
| 650 | _aSILAGEM | ||
| 650 | _aDIGESTIBILIDADE | ||
| 650 | _aMILHO | ||
| 650 | _aSORGO | ||
| 650 | _aLACTAÇÃO | ||
| 650 | _aVALOR NUTRITIVO | ||
| 650 | _aPERFORMANCE | ||
| 773 | 0 |
_tRevista Brasileira de Zootecnia (Brazil) _xISSN 1516-3598 _g(May 2008), v. 37(5) p. 896-904 _wBR0807093 |
|
| 909 |
_a202311 _bLúcia _c55 _dLúcia Elande |
||
| 942 |
_2AGRIS _n0 _cANA |
||
| 999 |
_c196688 _d196688 |
||